| 000 | 01501cam a2200265 4500 | ||
|---|---|---|---|
| 001 | ##L133008 | ||
| 008 | 060403n2006 000 0 eng u | ||
| 020 | _a0110740769 | ||
| 035 | _a(Sirsi) u133008 | ||
| 041 | 0 | _aeng | |
| 245 | 0 | 4 | _aThe Licensing of Houses in Multiple Occupation (Prescribed Descriptions) (England) Order 2006 |
| 260 |
_aLondon _bTSO _c2006 |
||
| 490 | 0 |
_aSI _v2006: 371 |
|
| 520 | _aPrescribes a description of a house in multiple occupation (HMO) to which the Housing Act 2004 Part II applies. Under s61(1) of the Act every HMO to which Part II of the Act applies must be licensed unless it is subject to either a temporary exemption notice under s62 of the Act or an interim or final management order under Chapter 1 of Part IV of the Act. Applies to HMOs in England but does not apply to converted blocks of flats to which s257 of the Act applies. | ||
| 650 | 2 | 4 | _aHOUSING ACT 2004 |
| 650 | 2 | 4 | _aHOUSING ACT 2004 PART II |
| 650 | 2 | 4 | _aHOUSING ACT 2004 S61(1) |
| 650 | 2 | 4 | _aHOUSING ACT 2004 S62 |
| 650 | 2 | 4 | _aHOUSING ACT 2004 PART IV CHAPTER 1 |
| 650 | 2 | 4 | _aHOUSING ACT 2004 S257 |
| 650 | 2 | 4 | _aLICENSING AND MANAGEMENT OF HOUSES IN MULTIPLE OCCUPATION (PRESCRIBED DESCRIPTIONS)(ENGLAND) ORDER 2006 |
| 690 | _aPROPERTY-LEASEHOLD PROPERTY-LANDLORD AND TENANT-LANDLORD AND TENANT REFORM | ||
| 856 | 4 | 0 |
_uhttps://www.legislation.gov.uk/uksi/2006/371/pdfs/uksi_20060371_en.pdf _zView the Regulations free of charge at the www.legislation.gov.uk website. |
| 942 | _n0 | ||
| 999 |
_c105310 _d105310 |
||